| 000 | 01272nam a22002537a 4500 | ||
|---|---|---|---|
| 999 |
_c58859 _d58859 |
||
| 003 | Ge_BSU | ||
| 005 | 20221010165904.0 | ||
| 008 | 221010s2008 ge ||||| |||| 00| 0 geo d | ||
| 020 | _a 9789941404177 | ||
| 041 | _ageo | ||
| 080 | _a821.112.2.02 ზ-39 | ||
| 100 |
_aზაქარაძე, ლალი _915215 |
||
| 245 |
_aგერმანული რომანტიზმი და ქართველი რომანტიკოსები / _cლალი ზაქარაძე ; [რედ. თენგიზ ირემაძე]. |
||
| 264 |
_aთბ. : _b [ნეკერი], _c2008. |
||
| 300 |
_a127 გვ. ; _b17 სმ. |
||
| 500 | _aშენიშვნ. და გვ. 107-115. | ||
| 501 | _aპირთა საძ.: გვ. 116-123. | ||
| 504 | _aბიბლიოგრ. ტექსტ. | ||
| 520 | _aრეზ. ინგლ. ენაზე. | ||
| 653 | _aთარგმანები ქართულ ენაზე | ||
| 653 | _aლიტერატურის ისტორია და კრიტიკა -- ქართული ლიტერატურა. | ||
| 700 |
_aირემაძე, თენგიზ _eმთავარი რედაქტორი. _92229 |
||
| 942 |
_2udc _cBK |
||